LEADER 01257nam--2200397---450- 001 990001203640203316 005 20090529123518.0 010 $a84-313-1949-6 035 $a000120364 035 $aUSA01000120364 035 $a(ALEPH)000120364USA01 035 $a000120364 100 $a20031020d2002----km-y0enga50------ba 101 $aspa 102 $aES 105 $ay|||z|||001yy 200 1 $aQue es el derecho?$ela moderna respuesta del realismo jurídico$euna introducción al derecho$fJavier Hervada 210 $aPamplona$cEunsa$d2002 215 $a205 p.$d18 cm 225 2 $aAstrolabio$iDerecho$v306 410 0$aAstrolabio$v306 606 0 $aDiritto$xTeorie 676 $a340.12 700 1$aHERVADA,$bJavier$0231903 801 0$aIT$bsalbc$gISBD 912 $a990001203640203316 951 $aXXII.1.C 523 (IG XIX 452)$b37790 E.C.$cXXII.1.C 523 (IG XIX)$d00089167 959 $aBK 979 $aALINA$b10$c20031020$lUSA01$h1022 979 $aPATRY$b90$c20040406$lUSA01$h1726 979 $aCHIARA$b90$c20041028$lUSA01$h1037 979 $aCHIARA$b90$c20041028$lUSA01$h1038 979 $aCHIARA$b90$c20041028$lUSA01$h1040 979 $aRSIAV2$b90$c20090529$lUSA01$h1235 996 $aQue es el derecho$9986171 997 $aUNISA LEADER 02169nam 2200469 450 001 9910796991303321 005 20220519105336.0 010 $a1-5381-1465-8 035 $a(CKB)3840000000342478 035 $a(MiAaPQ)EBC5294989 035 $a(Au-PeEL)EBL5294989 035 $a(CaPaEBR)ebr11512401 035 $a(OCoLC)1023497370 035 $a(EXLCZ)993840000000342478 100 $a20220519d2018 uy 0 101 0 $aeng 135 $aurcnu|||||||| 181 $ctxt$2rdacontent 182 $cc$2rdamedia 183 $acr$2rdacarrier 200 14$aThe long game on the Silk Road $eUS and EU strategy for Central Asia and the Caucasus /$fS. Frederick Starr, Svante E. Cornell 210 1$aLanham :$cRowman & Littlefield,$d[2018] 210 4$d©2018 215 $a1 online resource (163 pages) 311 $a1-5381-1464-X 311 $a1-5381-1463-1 327 $aThe Long Game On The Silk Road -- Contents -- Acknowledgements -- 1. Introduction -- 2. Setting the Scene: Central Asia and the Caucasus, 1991-2016 -- 3. Western Activity and Achievements in the Caucasus and Central Asia -- 4. A Deeper Look: Shortcomings of Western Policy -- 5. Structural Problems and their Solutions -- 6. Updating and Upgrading Strategic Assumptions and Practices -- 7. The Way Ahead -- Authors -- Index. 330 $aIn the past 25 years, America and Europe both developed relations with Central Asia and the Caucasus. This book argues that American and European policies suffer from both conceptual and structural impediments. It provides detailed analysis of these policies and proposes constructive recommendations for their improvement. 607 $aUnited States$xForeign relations$zAsia, Central 607 $aAsia, Central$xForeign relations$zUnited States 607 $aUnited States$xForeign relations$zCaucasus 676 $a327.73058 686 $a08.08.08$2EP-CLASS 700 $aStarr$b S. Frederick$037370 702 $aCornell$b Svante E. 801 0$bMiAaPQ 801 1$bMiAaPQ 801 2$bMiAaPQ 906 $aBOOK 912 $a9910796991303321 996 $aThe long game on the Silk Road$93729275 997 $aUNINA